| 000 | 00450nam a2200169Ia 4500 | ||
|---|---|---|---|
| 005 | 20240626133832.0 | ||
| 008 | 240126s9999 xx 000 0 und d | ||
| 020 | _a9789353437442 | ||
| 082 | _a650 FER;1 R | ||
| 100 | _aFernando, A C. Muraleedharan, K P. Satheesh, E K. | ||
| 245 | 0 | _aBusiness ethics : an Indian perspective | |
| 250 | _a3rd ed. | ||
| 260 |
_bPearson _aNoida _c2019 |
||
| 300 | _axxviii, 588 | ||
| 440 | _aNULL | ||
| 942 | _cPU | ||
| 999 |
_c291759 _d291759 |
||